Articular infinitives in the Greek of the New Testament. On the Exegetical Benefit of Grammatical Precision.

Guardat en:
Dades bibliogràfiques
Autor principal: Burk, Denny (Autor)
Format: Desconegut
Idioma:anglès
Publicat: Sheffield, UK: Sheffield Phoenix Press, 2006.
Col·lecció:New Testament Monographs,
Matèries:
Etiquetes: Afegir etiqueta
Sense etiquetes, Sigues el primer a etiquetar aquest registre!

MARC

LEADER 00000 a2200000 4500
003 CL-VaPUC
005 20231106125645.0
008 231031t2006 ||||| |||| 00| 0 eng d
999 |c 442132  |d 442130 
020 |a 1-90504-8416 
040 |c Pontificia Universidad Católica de Valparaíso 
082 |2 22  |a 487.4 BUR 2006 
100 |a Burk, Denny  |9 885211  |e author 
245 |a Articular infinitives in the Greek of the New Testament.   |b On the Exegetical Benefit of Grammatical Precision. 
260 |a Sheffield, UK:  |b Sheffield Phoenix Press,  |c 2006. 
300 |a xiv, 179 páginas. 
490 |a New Testament Monographs,   |n  14. 
583 |k GC  |c 20231031 
650 0 |9 257604  |a Nuevo testamento  |x Biblia   |x Análisis lingüístico   |x Gramática griega 
650 0 |9 257604  |a Nuevo testamento  |v Análisis semántico y sintáctico  |x Artículos, preposiciones, etc. 
650 0 |9 490035  |a Idioma griego  |x Nuevo Testamento 
942 |2 ddc  |c BK 
952 |0 0  |1 0  |2 ddc  |4 0  |6 487_400000000000000_BUR_2006  |7 0  |8 A  |9 592183  |a BIBTEO  |b BIBTEO  |c GEN  |d 2023-10-30  |e 1  |g 62404.00  |i 5659139  |l 4  |m 5  |o 487.4 BUR 2006  |p 5659139  |q 2025-07-07  |r 2025-03-07  |s 2025-03-07  |t 1  |v 62404.00  |w 2023-10-30  |y BK  |k ICR